| Поле | Инд. | ПП | Название | Значение |
|---|---|---|---|---|
| Тип записи | a | |||
| Библиографический уровень | m | |||
| 001 | Контрольный номер | RU/LIBMSTU/262283697 | ||
| 005 | Дата корректировки | 20160127104213.5 | ||
| 008 | Кодируемые данные | 080505|||||||||ru |||||||||||000|||rus|| | ||
| 020 | a | ISBN | 978-5-241-00832-9 | |
| c | Цена, тираж | 148-50 | ||
| 040 | b | Код языка каталог. | rus | |
| 041 | 0_ | a | Код языка текста | rus |
| 084 | a | Индекс другой классификации/Индекс ББК | 67.401+67.400.7+66.0 | |
| 090 | a | Полочн. индекс | 67.401 | |
| x | Авторский знак | И 26 | ||
| 100 | 1_ | a | Автор | Игнатов В. Г. |
| 245 | 10 | a | Заглавие | Государственное и муниципальное управление : введение в специальность : основы теории и организации |
| b | Продолж. заглавия | учеб. пособие | ||
| 250 | a | Основные сведения об издании | 3-е изд. | |
| 260 | a | Место издания | Москва | |
| a | Место издания | Ростов-на-Дону | ||
| b | Издательство | МарТ | ||
| c | Дата издания | 2007 | ||
| 300 | a | Объем | 478 с. | |
| b | Иллюстрации/ тип воспроизводства | диагр. | ||
| 440 | _0 | a | Серия | Учебный курс |
| 504 | a | Библиография | Библиогр.: с. 465-474 | |
| 583 | x | Служебное примечание | Гос. и муницип. упр. ВПО | |
| 650 | 04 | a | Основная рубрика | Государственное управление-Учебные издания для высших учебных заведений |
| 650 | 14 | a | Основная рубрика | Местное самоуправление-Учебные издания для высших учебных заведений |
| 653 | 0_ | a | Ключевые слова | Управление |
| 653 | 1_ | a | Ключевые слова | Государственное управление |
| 653 | 1_ | a | Ключевые слова | Муниципальное управление |
| 653 | 1_ | a | Ключевые слова | Местное самоуправление |
| 653 | 1_ | a | Ключевые слова | Муниципальная служба |
| 653 | 1_ | a | Ключевые слова | Государственная служба |
| 901 | t | Тип документа | m | |
| 952 | b | Гриф литературы для ВШ | Допущено Советом УМО вузов России по образованию в области менеджмента | |
| c | Вид литературы | учебное пособие |